000 00583nam a2200241 a 4500
001 nice12345678
003 IN_TiNIC
005 20260116012650.0
008 050524s1977 lona grp 000 0 eng
020 _a
_c89.7
082 0 0 _a291
_bPAR1
100 _aParrinder, Geoffrey
245 _aWorld`s Living Religions.
260 _aLondon
_bCox and Wyman Ltd
_c1977
300 _a201p
500 _aincludes index and biblioraphy
505 2 _aIndex
650 _aComparative Religion
700 1 _aParrinder, Geoffrey
902 _bSRS
942 _cBK
999 _c7864
_d7864